000 00527nam a2200181 4500
001 132993
003 ES-MaACL
007 t|
008 070214s1969 mx r ||||1| spa d
100 1 _aRoss, Guillermo A.
_999811
245 1 0 _aEvangelio de Juan /
_cGuillermo A. Ross.
260 _aMéxico :
_bEl Faro,
_c1969.
300 _a237 p. ;
_c21 cm.
490 1 _aEstudios en las sagradas escrituras
830 0 _aEstudios en las sagradas escrituras
_9186920
852 _aES-MaACL
_jE-9535
_bR.93610
999 _c132993
_d132993